00546 2200205 4500001002100000005001500021035002000036245006800056100001700124250001100141300002200152700001700174260003900191082000800230084001400238020001800252650001500270008004100285990001400326INLIS00000000000205120260511020850 a0010-05260000041 aPendidikan Multikultural :bKonsep dan Aplikasi /cNgainun Naim0 aNgainun Naim aCet II a244 hlm ;c21 cm.0 aAchmad Sauqi aJogjakarta :bAr-Ruzz Media,c2017 a370 a370 NGA p a979-25-4486-0 4aPendidikan260511 0 ind  a201700260